00882nam a22002297a 4500003000900000005001700009007000300026008004100029020001800070040002500088082000700113100001900120245025100139260004400390300002800434500004200462700003000504700003900534700002400573700002900597700002600626DO-SdBNP20220610113524.0ta220610b2015 dr a|||| |||| 00| 0 spa d a9789945471939 aDO-SdBNPbspacBNPHU 42221 aSchweitz, Rona10aVivenciar la meditación :bpara alcanzar profunda sabiduría, alegría y pazcRosa Schweitz ; prólogo Mohimi Panjabi ; edición Luisa Hernández ; corrección Rafael Domínguez ; ilustraciones Marcos Silfa ; traducción Beléen Romero aSanto Domingo :bBrahma Kumaris,c2015. a127 p. :bil. ;c22 cm. aIncluye notas al pie de las páginas1 aPanjabi, Mohini,epról.1 aDomínguez, Rafael,ecorrección1 aSilfa, Marcos,eil.1 aHernández, Luisa,eed.1 aRomero, Belén,etr.